Obálka Náhled e-knihy:
PDF
Pro půjčování e-knih musíte být přihlášeni.
Jak si půjčit online?

Ať jsou velcí zase malí! /

Na Kubu s Luckou nemají rodiče vůbec čas. Ale to se rázem změní, když děti dostanou od skřítka Alfonse kouzelný zvoneček! Stačí zazvonit a říct zaklínadlo, a zaneprázdnění rodiče si zase začnou hrát jako děti... Což uprostřed velkého nákupu, na dětském hřišti či na prohlídce hradu způsobí řadu vtipn...

Celý popis

Uloženo v:
Hlavní autor: Vajsejtlová, Barbora, 1979- (Autor)
Další autoři: Schulz, Alena, 1954- (Autor)
Médium: E-kniha
Jazyk:Czech
Vydáno: V Praze : Albatros, 2017
Vydání:1. vydání
Edice:Druhé čtení (Albatros)
Témata:
Tagy:
Žádné tagy
LEADER 02336nam a2200481 i 4500
001 301536
003 CZ PrSKC
005 20260501063150.0
007 ta
008 170509s2017 xr a b 000 j cze
015 |a cnb002896375 
020 |a 9788000046792  |q (vázáno) :  |c Kč 199,00 
035 |a (OCoLC)989906917 
040 |a OLA001  |b cze  |e rda 
072 7 |a 821.162.3-3  |x Česká próza  |2 Konspekt 
072 7 |a 821-93  |x Literatura pro děti a mládež (beletrie)  |2 Konspekt 
080 |a 821.162.3-32  |2 MRF 
080 |a 821-93  |2 MRF 
080 |a (0:82-32)  |2 MRF 
100 1 |a Vajsejtlová, Barbora,  |d 1979-  |7 xx0208201  |4 aut 
245 1 0 |a Ať jsou velcí zase malí! /  |c Barbora Vajsejtlová ; ilustrovala Alena Schulzová 
250 |a 1. vydání 
264 1 |a V Praze :  |b Albatros,  |c 2017 
300 |a 107 stran :  |b barevné ilustrace ;  |c 21 cm 
336 |a text  |b txt  |2 rdacontent 
337 |a bez média  |b n  |2 rdamedia 
338 |a svazek  |b nc  |2 rdacarrier 
490 1 |a Druhé čtení 
520 2 |a Na Kubu s Luckou nemají rodiče vůbec čas. Ale to se rázem změní, když děti dostanou od skřítka Alfonse kouzelný zvoneček! Stačí zazvonit a říct zaklínadlo, a zaneprázdnění rodiče si zase začnou hrát jako děti... Což uprostřed velkého nákupu, na dětském hřišti či na prohlídce hradu způsobí řadu vtipných a absurdních situací. Nakladatelská anotace. Kráceno. 
520 2 |a Vyprávění o dvou sourozencích, prožívajících kouzelná dobrodružství o prázdninách. Pro děti od 7 let. 
521 8 |a Pro děti od 7 let 
655 7 |a české příběhy  |7 fd133973  |2 czenas 
655 7 |a publikace pro děti  |7 fd133156  |2 czenas 
655 9 |a Czech stories  |2 eczenas 
655 9 |a children's literature  |2 eczenas 
700 1 |a Schulz, Alena,  |d 1954-  |7 xx0056808  |4 ill 
830 0 |a Druhé čtení (Albatros) 
900 |a ABA001  |b 19 
928 9 |a Albatros Media - Albatros 
044 |a xr 
910 |a RBIT002 
998 |d 208707  |a https://core.palmknihy.cz/api/books/208707/cover?si7qgo  |b https://core.palmknihy.cz/api/books/208707/cover/400?si7qgo  |c https://core.palmknihy.cz/api/books/208707/cover/50?si7qgo  |e 2036-12-31  |g 112  |i 9788000046792  |k https://core.palmknihy.cz/api/books/208707/preview.pdf  |l   |q 49  |r 1  |s https://www.palmknihy.cz/kniha/208707  |t ebook  |y 2020  |z 0 
999 |d 301534